01239 2200433 4500001002100000005001500021035002500036008004100061020002200102040002200124082001800146090002200164090001800186090002200204100003400226245007800260250002000338250002100358260003400379300003800413504003400451650002300485850001200508007000300520084002100523500001100544041000800555999002200563264003400585990002200619990002000641990002000661990002000681990002200701990002000723990002000743990002200763990002000785YOGYA-0212000000059620190828113844 a0010-021200000000596120222s2017 yoia g 1 ind d a978-979-25-4889-1 aYOPDYOGbinderda042[23]a574.166 aDEP 574.166 Nov T a574.166 NOV t aCB-D.11 2011-17860 aNovita Lestarid1988ePenulis01aTips praktis mengetahui masa subur /cNovita Lestari; editor Meita Sandra aCetakan 1, 2011 aCetakan II, 2017 aYogyakarta :bKatahati,c2011 a247 halaman :bilustrasi ;c20 cm aBibiliografi: halaman 231-238 aReproduksi Seksual aYOPDYOGta aPK 574.166 NOV t aIndeks0 aind aCB-D.11/2011-1786 1aYogyakarta :bKatahati,c2017 aCB-D.11/2011-1786 a42315-PD/B.2019 a42316-PD/B.2019 a42316-PD/B.2019 aCB-D.11/2011-1786 a42315-PD/B.2019 a42315-PD/B.2019 aCB-D.11/2011-1786 a42316-PD/B.2019